Smoke of cars / (رقم التسجيلة. 110504)

تفاصيل مارك
000 -LEADER
fixed length control field 00549nam a22001937a 4500
005 - DATE AND TIME OF LATEST TRANSACTION
control field 20251108173716.0
008 - FIXED-LENGTH DATA ELEMENTS--GENERAL INFORMATION
fixed length control field 250721s9999 xx 000 0 eng d
082 14 - DEWEY DECIMAL CLASSIFICATION NUMBER
Classification number J/F/ESA technology
100 1# - MAIN ENTRY--PERSONAL NAME
Personal name Esawi, Eyad
245 10 - TITLE STATEMENT
Title Smoke of cars /
264 1# - PRODUCTION, PUBLICATION, DISTRIBUTION, MANUFACTURE, AND COPYRIGHT NOTICE
Place of production, publication, distribution, manufacture دمشق :
Name of producer, publisher, distributor, manufacturer دار الحافظ,
300 ## - PHYSICAL DESCRIPTION
Extent 12.p
490 0# - SERIES STATEMENT
Series statement Nature Tales with : Tareef and Zareefa
Volume/sequential designation 2
650 17 - SUBJECT ADDED ENTRY--TOPICAL TERM
Topical term or geographic name as entry element SHORT STORIES
653 ## - INDEX TERM--UNCONTROLLED
Uncontrolled term اطفال مرحله متوسطه (6-9) سنوات
700 1# - ADDED ENTRY--PERSONAL NAME
Personal name ALkassas, Lina
Relator term مشرف
942 ## - ADDED ENTRY ELEMENTS (KOHA)
Source of classification or shelving scheme Dewey Decimal Classification
Koha item type كتب
المقتنيات
حالة السحب حالة الفقدان مصدر التصنيف حالة التلف غير قابل للإعارة المكتبة الرئيسية المكتبة الحالية موقع الرف تاريخ التزويد الرقم المتسلسل Total Checkouts رقم الإستدعاء الباركود تاريخ آخر ظهور تاريخ الفاتورة نوع المادة (كوها)
    Dewey Decimal Classification     المكتبة المركزية المكتبة المركزية الأطفال 28/07/2025 1149837   J/F/ESA technology 1149837 28/07/2025 28/07/2025 كتب
    Dewey Decimal Classification     مكتبة أم قصير والمقابلين العامة مكتبة أم قصير والمقابلين العامة الأطفال 28/07/2025 1149822   J/F/ESA technology 1149822 28/07/2025 28/07/2025 كتب
    Dewey Decimal Classification     مكتبة الراية الهاشمية للأطفال مكتبة الراية الهاشمية للأطفال الأطفال 28/07/2025 1149827   J/F/ESA technology 1149827 28/07/2025 28/07/2025 كتب
    Dewey Decimal Classification     مكتبة حمزة العامة مكتبة حمزة العامة الأطفال 28/07/2025 1149817   J/F/ESA technology 1149817 28/07/2025 28/07/2025 كتب
    Dewey Decimal Classification     مكتبة مرج الحمام مكتبة مرج الحمام الأطفال 11/05/2015 1149802   J/F/ESA technology PLD00323775 28/07/2025 11/05/2015 كتب
Implemented & Customized by: BBB with SCIT (Smart Chains for Information Technology)

Powered by Koha